00314nam a2200145Ia 45000030006000000080041000060400015000471000011000622450035000732500006001082600017001143000006001315460014001370050017001510STCL150530s9999 xx 000 0 und d aSTCLcSTCL aC.G.N. aVadakkan Paattukal Oru Padanam a1 bAuthorc1976 a0 aMalayalam20220125171722.0